Massive Dexter Quiz - Statistics

General Stats
  • This quiz has been taken 252 times
    175 since last reset
  • The average score is 18 of 60
Answer Stats
Question Answer % Correct
Who is Dexter’s biological brother revealed to be in Season 1? Brian Moser
95%
What Dark Passenger comes back in Season 6? Brian Moser
95%
In Season 6/7 who finds Dexter killing Travis? Debra
93%
Who killed Laguerta? Debra
93%
In Season two, who is the co worker that finds Dexter out to be a killer? Doakes
86%
What alias does Dexter go by in Season 4 to trick the Trinity killer? Kyle Butler
73%
How many kills did the above villain have in a cycle? 4
67%
Finish the quote “Tonight’s the ___” Night
65%
Finish the quote “La ____” hint: Angel says it in Season 1 Passion
59%
How many victims were killed by The Ice Truck Killer? 19
55%
Who is Dexter’s love interest in Seasons 7/8? Hannah McKay
55%
What is Dexter’s weapon of choice? Knife
54%
What was Dexter’s boat called when he did own it? Slice of Life
54%
When does the main show take place? 2006/2013
50%
In what season does Dexter’s wife Rita die? Season 4
50%
When does New Blood take place? 2021
45%
What Season does Dexter get married in? 3
45%
Who is Dexter’s love interest in Season 5? Lumen Pierce
45%
What is the real name of Season 8’s villain Oliver Saxon? Daniel Vogel
39%
Where does New Blood take place? Iron Lake
37%
When does Original Sin take place? 1991
36%
What age is Harrison by the end of the series? 6
35%
In Original Sin, what is the name on Dexter’s fake ID? Hint: Famous American Psycho Patrick Bateman
34%
In New Blood, who is the Runaway Killer? Kurt Caldwell
28%
Who is the main villain in Original Sin? Aaron Spencer
26%
Who is The Skinner in Season 3? George King
26%
What was the name of the sub-villain in Season 2? Hint: “Little_____” Chino
25%
What year was Dexter born? 1971
24%
Did Quinn and Batista share weed? Yes
24%
What did Quinn defend Dexter for doing in season 8? SPOILER Killing Oliver Saxon
23%
Who was the scariest killer to Dexter? Trinity
23%
What name does Dexter go by in New Blood as he faked his death? Jim Lindsay
21%
Finish the quote “It was obviously ____________” Hint: Quinn defending Dexter Self Defence
20%
How does Dexter dispose of bodies in Original Sin? Alligators
16%
Who is Dexter’s main dark passenger? Harry
16%
Who gave Harry Morgan the idea for ‘The Code’? Dr Evelyn Vogel
14%
What was Dexter’s boat called before he actually owned it? Hint: Mentioned in Original Sin Slice of Pie
14%
What are Dexter and Deb’s favourite meal together? Steak and beer
13%
What do we find out about Isaak when he and Dexter are in the bar? He is gay
12%
What is Angel’s restaurant called? Opened in Season 7/8 Papas
12%
Who is the fake Ice Truck Killer in Season 1? Neil Perry
11%
What is Dexter’s favourite lunch food? Pork sandwich
11%
Where do Astor and Cody live for most of the show after season 4? Orlando
9%
What age is Dexter by the end of the show? 42
7%
Who does Debra work for in Season 8? Jacob Elway
7%
What song is connected to Dr Evelyn Vogel? By Cass Elliot Make your own kind of music
7%
What animated show made the Dexter parody “Dial D for Diddly?” Hint: Show about a yellow family The Simpsons
7%
What song is connected to the above villain? By Frankie Avalon Venus
3%
Finish the quote “It’s like an invasion Armadillos ______!” Hint: Season 2 when Dexter meets Rita’s mother Attack
2%
Who is the villain in Season 5? Barrel Girl Gang
2%
What car does Dexter drive? Ford Escape
2%
What is Dexter’s full job name in the Main series? Forensic Blood spatter analyst
2%
Who first found out that Arthur Mitchell was Trinity? Frank Lundy
2%
What is Harrison’s favourite kids show? Hint: popular on CBeebies Rastamouse
2%
What does Doakes do in Season 2 to keep tabs on Dexter? Follows him
1%
Where does Dexter work in New Blood? Hunting Store
1%
What is Debs favourite word? Any swear
0%
How was Dexter’s mother killed? Dismemberment
0%
Finish the quote “I will wait upon a pillar of light for _________” Gods Return
0%
What was the first public display made by the Doomsday Killer? The four horsemen of the apocalypse
0%
No matching quizzes found
Score Distribution
Percent of People with Each Score
Percentile by Number Answered
Your Score History
You have not taken this quiz since the last reset